000 00424nam a2200157Ia 4500
008 240729s9999 xx 000 0 und d
022 _a2083-5892
245 0 _aDiscussiones Mathematicae Graph Theory
260 _aPoland
260 _bUniversity of Zielona Góra
650 _a Mathematics
650 _aScience
856 _uhttps://doaj.org/toc/d5a867264f9b4d7dab25cafac00bb23d
942 _2ddc
942 _cDOAJEJ
999 _c69031
_d69031
945 _a1
_bMadushi Gamage
_c1
_dMadushi Gamage